000 00666na a2200229 4500
001 15075
003 MIRAKIL
005 20181213154806.0
008 161028b tu 000 0
035 _a15075
040 _aMilas
_btur
_cTR-AnCHP
041 _atur
082 _a973
_bA53 1951
090 _a973 A53 1951
245 _aAmerika tarihinin ana hatları
_cAmerika Birleşik Devletleri Dışişleri Bakanlığı
260 _aİstanbul
_b[İktisadi İşbirliği İdaresi Türkiye Özel Misyonu]
_c1951
300 _a161 s.
_bres.
_c23 sm.
650 _aTarih
_zABD
651 _aABD
_xTarih
710 _aABD Dış İşleri Bakanlığı
942 _2ddc
_cBKS
999 _c925
_d925